L'archipel résidentiel : Logements et dynamiques urbaines (notice n° 2198238)
[ vue normale ]
| 000 -LEADER | |
|---|---|
| fixed length control field | 01926cam a2200145 4500500 |
| 005 - DATE AND TIME OF LATEST TRANSACTION | |
| control field | 20260405085522.0 |
| 041 ## - LANGUAGE CODE | |
| Language code of text/sound track or separate title | fre |
| 042 ## - AUTHENTICATION CODE | |
| Authentication code | dc |
| 100 10 - MAIN ENTRY--PERSONAL NAME | |
| Personal name | Fijalkow, Yankel |
| Relator term | author |
| 245 00 - TITLE STATEMENT | |
| Title | L'archipel résidentiel : Logements et dynamiques urbaines |
| 260 ## - PUBLICATION, DISTRIBUTION, ETC. | |
| Name of publisher, distributor, etc. | Armand Colin,<br/> |
| Date of publication, distribution, etc. | 2022.<br/> |
| 520 ## - SUMMARY, ETC. | |
| Summary, etc. | Difficultés d’accès, effort financier accru, dégradation des bâtis, concentration du marché… la crise du logement est omniprésente dans l’actualité, et semble aujourd’hui fonctionner tel un mantra entretenu par les médias. Si cette notion n’est pas nouvelle et remonte aux réformateurs sociaux du XIXe siècle, elle a cependant réduit l'analyse du logement à la seule problématique d’une quantification des besoins, et occulté la diversification des espaces résidentiels et l’évolution des modes d’habiter. Cet ouvrage a pour ambition de développer un autre point de vue sur le logement, en considérant l’habitat comme un champ animé par une pluralité d’acteurs aux intérêts et valeurs souvent divergents. Pour comprendre la dynamique des formes nouvelles d’habitat et la recomposition de la question du logement, il propose une grille de lecture qui tient compte de la genèse des formes (du modèle haussmannien aux tiny houses), de la cristallisation d’un cercle d’acteurs, de la constitution d’un cadre normatif, de la structuration d’un marché et de la formalisation des conditions d’accès. Solidement documenté et illustré, il invite à regarder le champ de l’habitat et la question du logement comme un archipel de formes pour proposer des alternatives à la massification uniformisatrice et à la normalisation qui entravent la possibilité d’un véritable « droit au logement pour tous ». |
| 700 10 - ADDED ENTRY--PERSONAL NAME | |
| Personal name | Maresca, Bruno |
| Relator term | author |
| 856 41 - ELECTRONIC LOCATION AND ACCESS | |
| Uniform Resource Identifier | <a href="https://shs.cairn.info/l-archipel-residentiel--9782200633769?lang=fr&redirect-ssocas=7080">https://shs.cairn.info/l-archipel-residentiel--9782200633769?lang=fr&redirect-ssocas=7080</a> |
Pas d'exemplaire disponible.




Réseaux sociaux